| 000 | 00535nam a2200193 a 4500 | ||
|---|---|---|---|
| 005 | 20240910063820.0 | ||
| 008 | 991125s1999 mx 000 0 spa u | ||
| 020 | _a8478842071 | ||
| 035 | _aUPN01000141063 | ||
| 049 | _aCG | ||
| 050 | 4 |
_aPN6071 H7.27 _bC8.3 |
|
| 245 | 0 | 0 |
_aCuentos de terror / _cJoseph Leridan Le Fanu ... [et al.]. |
| 260 |
_aMadrid : _bPopular, _c1999. |
||
| 300 | _a93 p. | ||
| 440 | 0 |
_aLetra grande ; _v53 |
|
| 650 | 4 |
_aCuentos de terror _92404 |
|
| 700 | 1 |
_aLeridan Le Fanu, Joseph, _ecoaut. |
|
| 905 | _aLibro | ||
| 999 |
_c113211 _d113211 |
||